• 首页
  • 本馆介绍
  • 公告通知
  • 最新文献
  • 馆藏检索
  • 电子资源
  • 读者导购
  • 参考咨询
  • 我的图书馆
  • 登录
  • 详细信息显示
  • 放入我的书架
  • 预约/预借图书
  • 作者相关作品
  • 分类相关作品
  • 丛书相关作品
  • 出版社相关作品

书目信息

  • 表格格式
  • 工作单格式
  • 卡片格式
题名:
新时代企业文化与基层建设创新实践案例
    
 
作者: 巩凯 主编 ;中国石油天然气集团公司思想政治工作部 编
分册:  
出版信息: 北京   石油工业出版社  2019.9
页数: 534页
开本: 24cm
丛书名:
单 册:
中图分类: F426.22
科图分类:
主题词: 石油企业--shi you qi ye--企业文化--案例--中国
电子资源:
ISBN: 978-7-5183-3418-6
000 01172nam0 2200265 450
001 2158003362
005 20211011172911.0
010    @a978-7-5183-3418-6@dCNY98.00
100    @a20200708d2019 em y0chiy0120 ea
101 0  @achi
102    @aCN@b110000
105    @aak z 000yy
106    @ar
200 1  @a新时代企业文化与基层建设创新实践案例@Axin shi dai qi ye wen hua yu ji ceng jian she chuang xin shi jian an li@e2018@f巩凯主编@g中国石油天然气集团有限公司思想政治工作部编
210    @a北京@c石油工业出版社@d2019.9
215    @a534页@c彩图@d24cm
314    @a书中题: 主编巩凯
330    @a本书介绍石油企业的优秀管理文化,选取基层建设典型案例,结合理论分析与现场实践结果,分享工作经验,对提高员工素质,建立员工企业自豪感、责任感、家文化认同感有实际帮助,对从事企业文化工作者有指导意义。
333    @a本书适用于石油企业广大干部及员工
606 0  @a石油企业@Ashi you qi ye@x企业文化@x案例@y中国
690    @aF426.22@v5
701  0 @a巩凯@Agong kai@4主编
712 02 @a中国石油天然气集团公司思想政治工作部@Azhong guo shi you tian ran qi ji tuan gong si si xiang zheng zhi gong zuo bu@4编
801  0 @aCN@b百万庄@c20211007
905    @b1306305-08@dF426.22@e197@f4
    
    新时代企业文化与基层建设创新实践案例:2018/巩凯主编/中国石油天然气集团有限公司思想政治工作部编.-北京:石油工业出版社,2019.9
    534页:彩图;24cm
    使用对象:本书适用于石油企业广大干部及员工
    
    ISBN 978-7-5183-3418-6:CNY98.00
    本书介绍石油企业的优秀管理文化,选取基层建设典型案例,结合理论分析与现场实践结果,分享工作经验,对提高员工素质,建立员工企业自豪感、责任感、家文化认同感有实际帮助,对从事企业文化工作者有指导意义。
●
相关链接 在E读中查询图书 在五车中查询图书 在当当中查询图书 在豆瓣中查询图书


正题名:新时代企业文化与基层建设创新实践案例     索取号:F426.22/197         预约/预借

序号 登录号 条形码 馆藏地/架位号 状态 备注
1 1306305   213063058   第一样本阅览室/ [索取号:F426.22/197] 在馆    
2 1306306   213063067   第一借阅区/ [索取号:F426.22/197] 在馆    
3 1306307   213063076   第一借阅区/ [索取号:F426.22/197] 在馆    
4 1306308   213063085   第一借阅区/ [索取号:F426.22/197] 在馆    
唐山师范学院图书馆 欢迎您!
大连网信软件有限公司© 版权所有